000 00675nam a22002177a 4500
005 2010080608208.0
010 _aENG-98600
020 _a8187957077
_c150.00
035 _aEN-82133
037 _bDBAD/PUB
082 _a633
100 _aPavadai, P.
_910929
245 _aCrop production /
_cby P. Pavadai
260 _aPuducherry
_bVirat Publications
_c2008
270 _a9 Main Road, Kumarapalayam
_bPuducherry
300 _a108p.
_c20cm (pbk)
650 _aAgriculture
_910930
650 _aField crop
_910931
942 _2ddc
_cEN
_h633
_mPAV
999 _c39914
_d39914